Las Lenguas Eslavas - Estadísticas

Estadísticas generales
  • Esta prueba ha sido intentada 44 veces
  • La puntuación promedio es 12 de 19
Estadísticas de respuestas
Hablantes Totales Idioma % Correcto
285.000.000 Ruso
98%
12.000.000 Serbio
98%
6.000.000 Eslovaco
93%
43.000.000 Ucraniano
93%
13.000.000 Checo
90%
2.500.000 Esloveno
90%
7.000.000 Croata
88%
45.000.000 Polaco
88%
11.000.000 Búlgaro
86%
4.000.000 Bosnio
81%
2.000.000 Macedonio
79%
6.300.000 Bielorruso
74%
234.736 Montenegrino
57%
55.000 Alto Sorabo
26%
14.000 Bajo Sorabo
26%
600.000 Rusino
17%
1.250.000 Silesio
17%
108.000 Casubio
10%
108.469 Moravo
7%
No se encontraron pruebas coincidentes
Distribución de puntuación
Porcentaje de gente con cada puntuación
Porcentaje por número respondido
Historial de tus puntuaciones
No has intentado esta prueba.